| 000 | 00414 a2200145 4500 | ||
|---|---|---|---|
| 005 | 20250620162013.0 | ||
| 020 | _a978-0-07-352311-8 | ||
| 082 | _a330 MAN | ||
| 100 | _aMANDEL, M. | ||
| 245 | _aEconomics: The Basics. | ||
| 260 |
_aMcGraw - Hill, _bNew York, _c2009. |
||
| 300 |
_axxi, 523p.: ill.; figure, picture. _bGlossary & Index. _c25cm |
||
| 856 |
_yAccess Online Book _fEconomics _dwww.mhhe.com |
||
| 942 |
_2ddc _cBKS |
||
| 999 |
_c414 _d414 |
||